Lesser Antilles Flags Map Quiz - Statistics

General Stats
  • This quiz has been taken 292 times
  • The average score is 12 of 19
Answers on the Map
Answers color-coded by a green-red scale on the quiz's map according to % correct below.
 
Answer Stats
Answer % Correct
Trinidad and Tobago
83%
Barbados
78%
Saint Vincent and the Grenadines
72%
Antigua and Barbuda
70%
Saint Lucia
70%
Grenada
69%
Bonaire (Netherlands)
68%
Dominica
68%
Aruba (Netherlands)
68%
Saint Kitts and Nevis
65%
Guadeloupe (France)
61%
Curacao (Netherlands)
61%
US Virgin Islands
61%
British Virgin Islands
59%
Martinique (France)
50%
Anguilla (UK)
50%
Montserrat (UK)
45%
Saint Martin (France/Netherlands)
45%
Saint Barthélemy (France)
40%
No matching quizzes found
Score Distribution
Percent of People with Each Score
Percentile by Number Answered
Your Score History
You have not taken this quiz